Oman pravý. (Inula helenium, L.)

Bibliographic Details
Main Author: Havrylenko, M. (Author)
Format: Article
Language:Slovak

MARC

LEADER 00000nab a2200000 a 4500
001 vtls011113134
003 SK-MaSNL
005 20260303150637.0
008 230222|1941 xo |||||||||||||||||slo|
015 |a SNBRB 
035 |a (uuid)e7e97338-32f0-4d45-94d4-4b173ebb64d4 
035 |a (urnnbn)urn:nbn:sk:snk:ar-a08h9c 
035 |a urn:nbn:sk:snk-ab9jog 
040 |a SNKBUCL  |b slo  |c SNKBUCL  |e AACR2 
041 0 |a slo 
044 |a xo  |c SK 
100 1 |a Havrylenko, M.  |4 aut  |9 1169671 
245 1 0 |a Oman pravý. (Inula helenium, L.)  |c M. Havrylenko 
773 0 |t Slovenské liečivé rastliny  |g Roč. 1, č. 12 (1941), s. 344-346 
954 |a odborná, vedecká literatúra pôvodná (slovenská)  |2 lita 
958 |a OND 
958 |a EUIPO 
958 |a article13 
999 |c 2012258  |d 2014188